[Event "Czechia KP-chTB 0607"]
[Site "Czech Republic"]
[Date "2007.04.01"]
[Round "11.8"]
[White "Hronik, Petr"]
[Black "Bednarik, Radovan"]
[Result "1/2-1/2"]
[WhiteElo "1770"]
[BlackElo "1864"]
[PlyCount "105"]
[EventDate "2006.10.29"]
[EventType "team"]
[EventRounds "11"]
[EventCountry "CZE"]
[SourceTitle "EXT 2008"]
[Source "ChessBase"]
[SourceDate "2007.11.25"]
[SourceVersion "1"]
[SourceVersionDate "2007.11.25"]
[SourceQuality "1"]
[WhiteTeam "Brodce"]
[BlackTeam "Kostelec nad CL"]
[WhiteTeamCountry "CZE"]
[BlackTeamCountry "CZE"]

1. e4 c5 2. Nf3 e6 3. d4 cxd4 4. Nxd4 a6 5. Be3 Qc7 6. Nd2 Nf6 7. f3 Be7 8. Bd3 d6 9. 0-0 Nbd7 10. c3 0-0 11. Rc1 b6 12. g4 Rd8 13. g5 Ne8 14. f4 Nc5 15. Bc2 e5 16. Nf5 Bf8 17. h4 d5 18. exd5 Rxd5 19. fxe5 Qxe5 20. Bf4 Qe6 21. Nd4 Qh3 22. Qf3 Qxf3 23. N2xf3 Nd6 24. b4 Ne6 25. Bg3 b5 26. Nc6 Nf5 27. Bf2 Nf4 28. Rfe1 Nh3+ 29. Kg2 Nf4+ 30. Kf1 Nd6 31. Bg3 Bh3+ 32. Kf2 Nd3+ 33. Bxd3 Rxd3 34. Ncd4 Nf5 35. Nxf5 Bxf5 36. Be5 Bg4 37. Nd4 Rc8 38. Re3 Rd2+ 39. Kg3 Bd7 40. Rc2 Rxc2 41. Nxc2 Be6 42. a3 Bd5 43. Ne1 Rc6 44. Rd3 Bc4 45. Rd8 f6 46. Bd4 Kf7 47. gxf6 gxf6 48. Rd7+ Kg6 49. Nf3 Bd6+ 50. Kf2 h5 51. Rd8 Bf4 52. Re8 Bd5 53. Rd8 1/2-1/2

[Event "Czechia KP-chTB 0607"]
[Site "Czech Republic"]
[Date "2007.02.04"]
[Round "7.7"]
[White "Bednarik, Radovan"]
[Black "Dusek, Vladimir"]
[Result "1-0"]
[WhiteElo "1864"]
[BlackElo "1606"]
[PlyCount "133"]
[EventDate "2006.10.29"]
[EventType "team"]
[EventRounds "11"]
[EventCountry "CZE"]
[SourceTitle "EXT 2008"]
[Source "ChessBase"]
[SourceDate "2007.11.25"]
[SourceVersion "1"]
[SourceVersionDate "2007.11.25"]
[SourceQuality "1"]
[WhiteTeam "Kostelec nad CL"]
[BlackTeam "Sendrazice"]
[WhiteTeamCountry "CZE"]
[BlackTeamCountry "CZE"]

1. d4 d5 2. c4 e6 3. Nf3 Nf6 4. Bg5 Be7 5. e3 0-0 6. Nc3 c6 7. Be2 dxc4 8. Bxc4 Nbd7 9. 0-0 Nb6 10. Bb3 Bd7 11. Ne5 Rc8 12. Qf3 Nbd5 13. Rac1 Ne8 14. Bxe7 Qxe7 15. Ne4 Nef6 16. Nc5 Rc7 17. e4 Nb6 18. Rc3 Rd8 19. Qh3 Bc8 20. Rd1 Nbd7 21. Nxf7 Nxc5 22. Nxd8 Nxb3 23. Nxc6 bxc6 24. Rxb3 Nxe4 25. Qf3 Nf6 26. Re1 Bb7 27. Qh3 Kf7 28. Rbe3 Bc8 29. Re5 Qd6 30. Qh4 Qb4 31. Qg3 c5 32. R5e2 Rc6 33. Qf3 Bb7 34. d5 exd5 35. Re7+ Kf8 36. Re8+ Kf7 37. R1e7+ Kg6 38. Qg3+ Qg4 39. Qd3+ Kh5 40. Rxb7 Nxe8 41. Qxh7+ Rh6 42. Qd3 Qg5 43. Qf3+ Kg6 44. g3 Nf6 45. Rxa7 Qh5 46. Qd3+ Ne4 47. h4 Qf5 48. Qe2 Kh7 49. Ra3 Rf6 50. f4 Rg6 51. Kh2 c4 52. Re3 Rg4 53. Qg2 Qg6 54. Qe2 Rxg3 55. f5 Qd6 56. Qh5+ Kg8 57. Qe8+ Qf8 58. Qxf8+ Kxf8 59. Rxg3 Nxg3 60. Kxg3 Kf7 61. Kf4 d4 62. Ke4 d3 63. Ke3 Kf6 64. a4 Ke5 65. b3 Kd5 66. bxc4+ Kxc4 67. Kd2 1-0

[Event "Czechia KP-chTB 0607"]
[Site "Czech Republic"]
[Date "2007.01.21"]
[Round "6.7"]
[White "Vlasak, Jiri"]
[Black "Bednarik, Radovan"]
[Result "0-1"]
[WhiteElo "1921"]
[BlackElo "1864"]
[PlyCount "82"]
[EventDate "2006.10.29"]
[EventType "team"]
[EventRounds "11"]
[EventCountry "CZE"]
[SourceTitle "EXT 2008"]
[Source "ChessBase"]
[SourceDate "2007.11.25"]
[SourceVersion "1"]
[SourceVersionDate "2007.11.25"]
[SourceQuality "1"]
[WhiteTeam "Kolin II"]
[BlackTeam "Kostelec nad CL"]
[WhiteTeamCountry "CZE"]
[BlackTeamCountry "CZE"]

1. d4 Nf6 2. e3 e6 3. Bd3 c5 4. c3 Nc6 5. f4 d5 6. Nd2 Bd6 7. Nh3 Qc7 8. 0-0 Bd7 9. a3 0-0-0 10. b4 cxd4 11. cxd4 Qb6 12. Nb3 Kb8 13. Bd2 Ne7 14. Qe2 Ne4 15. Bxe4 dxe4 16. Ng5 Bb5 17. Qf2 Bxf1 18. Qxf1 Rc8 19. b5 Qc7 20. Nxf7 Rhf8 21. Ng5 Qc2 22. Qb1 Qxb1+ 23. Rxb1 Bxa3 24. Nxe6 Rg8 25. Nbc5 Bxc5 26. Nxc5 g5 27. Rf1 gxf4 28. Rxf4 Rge8 29. Rxe4 Nf5 30. g4 Nd6 31. Nd7+ Kc7 32. Rxe8 Nxe8 33. Nf8 Nf6 34. Ne6+ Kd6 35. Nf4 Nxg4 36. Bb4+ Kd7 37. Nd5 Rc4 38. Bc5 b6 39. h3 Rc1+ 40. Kg2 Nxe3+ 41. Nxe3 bxc5 0-1

[Event "Czechia KP-chTB 0607"]
[Site "Czech Republic"]
[Date "2006.10.29"]
[Round "1.6"]
[White "Bednarik, Radovan"]
[Black "Kral, Pavel"]
[Result "1-0"]
[WhiteElo "1864"]
[BlackElo "1621"]
[PlyCount "49"]
[EventDate "2006.10.29"]
[EventType "team"]
[EventRounds "11"]
[EventCountry "CZE"]
[SourceTitle "EXT 2008"]
[Source "ChessBase"]
[SourceDate "2007.11.25"]
[SourceVersion "1"]
[SourceVersionDate "2007.11.25"]
[SourceQuality "1"]
[WhiteTeam "Kostelec nad CL"]
[BlackTeam "Benesov"]
[WhiteTeamCountry "CZE"]
[BlackTeamCountry "CZE"]

1. d4 Nf6 2. c4 c5 3. dxc5 e6 4. Nf3 Bxc5 5. e3 0-0 6. Be2 d5 7. 0-0 a6 8. a3 dxc4 9. Bxc4 b5 10. Be2 Bb7 11. b4 Be7 12. Bb2 Nc6 13. Nbd2 Rc8 14. Nd4 Nxd4 15. Bxd4 Qd7 16. Rc1 Rfd8 17. Nb3 Qe8 18. Rxc8 Bxc8 19. Qc2 Nd5 20. Bf3 Qd7 21. Rd1 Qc7 22. Qb2 Nf6 23. Rc1 Qb8 24. Be5 Qb6 25. Bc7 1-0